000 00415cam a2200181ua 4500
001 6904
008 111209n1980 II |||gr||||Z||||||eng
040 _aMAIN
041 _aEnglish
082 _a332.1 RAD
100 _aRADHASWAMI , M .
245 _aA TEXT BOOK OF BANKING
260 _aNEW DELHI
_bS.CHAND & COMPANY
_c1980
300 _a834.
653 _aBanking
700 _aVASUDEVAN , S.V .
942 _cBK
999 _c6889
_d6889